Rast miest a kvalita životného prostredia
Vznik a vývoj miest. Urbanizácia a životné prostredie. Aktuálny vývoj urbanizácie. Nové koncepcie trvalo udržateľného rozvoja. Zosúladenie sídelného rozvoja s ekologickými podmienkami prežitia. Regulácia únosnej hranice koncentrácie obyvateľstva sídelných jednotiek.
Gespeichert in:
| 1. Verfasser: | |
|---|---|
| Format: | Buchkapitel |
| Sprache: | Slowakisch |
| Schlagworte: | |
| Tags: |
Keine Tags, Fügen Sie das erste Tag hinzu!
|
MARC
| LEADER | 00000naa a2200000 4500 | ||
|---|---|---|---|
| 001 | r020641 | ||
| 005 | 20221205101725.4 | ||
| 041 | 0 | |a slo | |
| 044 | |a SK | ||
| 245 | 1 | 0 | |a Rast miest a kvalita životného prostredia |c Katarína Čižmárová |
| 520 | |a Vznik a vývoj miest. Urbanizácia a životné prostredie. Aktuálny vývoj urbanizácie. Nové koncepcie trvalo udržateľného rozvoja. Zosúladenie sídelného rozvoja s ekologickými podmienkami prežitia. Regulácia únosnej hranice koncentrácie obyvateľstva sídelných jednotiek. | ||
| 610 | 2 | 0 | |a rozvoj trvalo udržateľný |
| 610 | 2 | 0 | |a koncepcie |
| 610 | 2 | 0 | |a urbanizácia |
| 610 | 2 | 0 | |a prostredie životné |
| 610 | 2 | 0 | |a ekológia |
| 610 | 2 | 0 | |a mestá |
| 610 | 2 | 0 | |a koncentrácia obyvateľstva |
| 100 | 1 | |a Čižmárová, Katarína | |